| 000 | 00646nam a2200181 u 4500 | ||
|---|---|---|---|
| 001 | 000002939 | ||
| 005 | 20200929150306.0 | ||
| 008 | 090706s2004 dr a r 000 0 spa d | ||
| 040 |
_aDO-SdBNP _bspa _cBNPHU |
||
| 082 |
_axxxx _bxxxx |
||
| 100 | 1 |
_aAquino, José Ángel _93205 |
|
| 245 | 1 | 0 |
_aCuota femenina, circunscripciones electorales y listas de candidaturas. / _cJosé Ángel Aquino. |
| 260 |
_aSanto Domingo : _bParticipación Dominicana, _c2004. |
||
| 300 |
_a82 p. : _bil. ; _c22 cm. |
||
| 500 | _aIncluye referencias bibliográficas y notas al pie de las páginas. | ||
| 504 | _aBibliográfía : p. 42-44 | ||
| 590 | _aInventariado, 2019/BT | ||
| 999 |
_c2772 _d2772 |
||